| 000 | 00915nam a2200265Ia 4500 | ||
|---|---|---|---|
| 003 | OSt | ||
| 005 | 20220918170525.0 | ||
| 006 | a|||||r|||| 00| 0 | ||
| 007 | ta | ||
| 008 | 220917b |||||||| |||| 00| 0 eng d | ||
| 020 |
_a9780300215281 (hbk) _c5691.60 |
||
| 024 | _a289,394 | ||
| 037 |
_b243, 28/03/2016, Excel Book International _cTextual |
||
| 040 |
_aARTS _cARTS _beng |
||
| 041 |
_2eng _aeng |
||
| 082 | _aN1(Q7), Q5 | ||
| 100 |
_aBloom Jonathan Ed. _929513 |
||
| 245 | 0 | _aGod is the light of the heavens and the earth light in Islamic art and culture edited by Jonathan Bloom and Sheila Blair | |
| 260 |
_aNew Haven _bYale University U.S.A. _c2015 |
||
| 300 |
_axi, 357p. _ccm. |
||
| 650 | _aARTS | ||
| 700 |
_a Blair Sheila Ed. _929514 |
||
| 942 |
_hN1(Q7), Q5 _cTEXL _2CC |
||
| 999 |
_c134491 _d134491 |
||